नेपाेलियन; महान याेद्धा नेपाेलियनकाे जीवनी (Record no. 73503)
[ view plain ]
| 000 -LEADER | |
|---|---|
| fixed length control field | 00726nam a22001937a 4500 |
| 008 - FIXED-LENGTH DATA ELEMENTS--GENERAL INFORMATION | |
| fixed length control field | 140901b xxu||||| |||| 00| 0 eng d |
| 041 ## - LANGUAGE CODE | |
| Language code of text/sound track or separate title | नेपाली |
| 082 ## - DEWEY DECIMAL CLASSIFICATION NUMBER | |
| Classification number | N923.1 |
| Item number | K222n |
| 100 ## - MAIN ENTRY--PERSONAL NAME | |
| Personal name | खरेल, अाेमप्रकाश , सम्पा. |
| 245 ## - TITLE STATEMENT | |
| Title | नेपाेलियन; महान याेद्धा नेपाेलियनकाे जीवनी |
| 260 ## - PUBLICATION, DISTRIBUTION, ETC. | |
| Place of publication, distribution, etc. | काठमाडाैः |
| Name of publisher, distributor, etc. | डीकुरा पव्लिकेशन, |
| Date of publication, distribution, etc. | nd |
| 300 ## - PHYSICAL DESCRIPTION | |
| Extent | ३८४ पृ. |
| 650 ## - SUBJECT ADDED ENTRY--TOPICAL TERM | |
| Topical term or geographic name entry element | याेदृा |
| 650 ## - SUBJECT ADDED ENTRY--TOPICAL TERM | |
| Topical term or geographic name entry element | राजनितिक जीवन |
| 650 ## - SUBJECT ADDED ENTRY--TOPICAL TERM | |
| Topical term or geographic name entry element | युदृ |
| 650 ## - SUBJECT ADDED ENTRY--TOPICAL TERM | |
| Topical term or geographic name entry element | सन्धि |
| 653 ## - INDEX TERM--UNCONTROLLED | |
| Uncontrolled term | जीवनी |
| 942 ## - ADDED ENTRY ELEMENTS (KOHA) | |
| Source of classification or shelving scheme | Dewey Decimal Classification |
| Koha item type | Closed Section |
| Withdrawn status | Lost status | Source of classification or shelving scheme | Damaged status | Not for loan | Home library | Current library | Shelving location | Date acquired | Total Checkouts | Total Renewals | Full call number | Barcode | Date last seen | Date last checked out | Price effective from | Koha item type |
|---|---|---|---|---|---|---|---|---|---|---|---|---|---|---|---|---|
| Dewey Decimal Classification | Tribhuvan University Central Library | Tribhuvan University Central Library | New Building | 09/01/2014 | 1 | 1 | N923.1 K222n | 144605 | 08/27/2024 | 07/16/2024 | 09/01/2014 | Closed Section | ||||
| Dewey Decimal Classification | Tribhuvan University Central Library | Tribhuvan University Central Library | New Building | 09/03/2014 | 1 | N923.1 K222n | 144606 | 05/31/2024 | 04/29/2024 | 09/03/2014 | General Collections |
